| 000 | 00779nam a2200229 a 4500 | ||
|---|---|---|---|
| 001 | 001114692 | ||
| 003 | AM-YEHGA | ||
| 005 | 20250617151826.0 | ||
| 008 | 151210s2014 ai a|||gr|||||||||1|arm|d | ||
| 020 | _a9785550017432 | ||
| 040 | _aAM-YeHGA | ||
| 041 | 1 |
_aarm _hger |
|
| 100 | 1 |
_aԿաֆկա, Ֆրանց, _d1883-1924 |
|
| 245 | 1 | 0 |
_aԱռակներ և պարադոքսներ / _cՖ. Կաֆկա; Թարգմ. գերմ.՝ Հ. Նավասարդյան. |
| 246 | 1 | 5 | _aParabeln und paradoxe |
| 260 |
_aԵրևան : _bՆաիրի, _c2014. |
||
| 300 |
_a71 էջ. : _bդիմանկ. ; _c20 սմ. |
||
| 650 | 1 | 0 |
_aԱվստրիական գրականություն _xԱրձակ |
| 700 | 1 |
_aՆավասարդյան, Հերմինե _eթարգմ. _4trl |
|
| 942 |
_2udc _cBK |
||
| 090 | _c360510 | ||
| 999 |
_c358685 _d358685 |
||